Traité théorique et pratique de droit civil

Saved in:
Bibliografiske detaljer
Main Authors: Baudry-Lacantinerie, G (Author), Loynes, P. de (Author)
Format: Bog
Sprog:fransk
Udgivet: París Librairie de la Societé du Recueil 1899
Udgivelse:2a. ed
Fag:
Tags: Tilføj Tag
Ingen Tags, Vær først til at tagge denne postø!

MARC

LEADER 00000nam a2200000 a 4500
001 UCS1609
003 CL-VaPUC
008 970515e18990000FR |||||||||||||||||fre|d
082 0 4 |a 346.44  |b BAU  |2 21 
100 0 |a Baudry-Lacantinerie, G  |e author  |9 386203 
700 0 |a Loynes, P. de  |e author  |9 386204 
245 1 0 |a Traité théorique et pratique de droit civil 
250 |a 2a. ed 
300 |a v 
942 |c BK 
945 |d 19970515 00:00:00  |a cmena 
260 |a París  |b Librairie de la Societé du Recueil  |c 1899 
650 0 |a Derecho civil  |9 255013 
650 0 |a Derecho francés  |9 385145 
650 0 |a Código civil  |9 256135 
650 0 |a Bienes muebles   |9 380927 
650 0 |a Bienes inmuebles   |9 359521 
650 0 |a Obligaciones   |9 255578 
650 7 |a RESPONSABILIDAD CIVIL  |2 CL-VaPUC  |9 386205 
650 7 |a EXPROPIACION  |2 CL-VaPUC  |9 360440 
650 0 |a Propiedad   |9 255268 
650 0 |a Posesión   |9 258681 
650 0 |a Hipoteca  |9 255780 
651 0 |a Francia  |9 255157 
583 |a last modification  |c 19970515 00:00:00  |k Rodrigo Vera 
999 |c 259646  |d 259644 
952 |0 0  |1 0  |4 0  |6 346_440000000000000_BAU_1899  |7 0  |8 X  |9 284834  |a BIBDER  |b BIBDER  |d 2019-11-19  |h v.3  |i 1852477  |o 346.44 BAU 1899  |p 1852477  |r 2023-01-25  |w 2019-11-19  |y BK_X  |k DER